000 00794nam a2200241Ia 4500
003 GCL
008 140319s9999 xx 000 0 ara d
040 _aGCL /
_cGCL
082 0 4 _a811.009
_bا ا
100 1 _aابوالقاسم محمد كرو
245 1 0 _aابوالقاسم الشابى شعراء المغرب من خلال وثيقة نادرة بخطه /
_cابوالقاسم محمد كرو
260 _a[S.N] :
_bمؤسسة جائزة عبد العزيز سعود
300 _a77 ص
490 _a
650 0 4 _aالشعر العربى
650 0 4 _aالعصر الحديث
650 0 4 _aالمغرب
650 0 4 _aالشعراء العرب
650 0 4 _aالتراجم
650 0 4 _aالتراجم الذاتية
650 0 4 _aتاريخ ونقد
942 _2ddc
_cBK
999 _c58709
_d58709